Museo Egipcio (Record no. 184228)

MARC details
000 -LEADER
campo de control de longitud fija 00980nam a2200253 i 4500
001 - NÚMERO DE CONTROL
campo de control 184228
003 - IDENTIFICADOR DE NÚMERO DE CONTROL
campo de control ES-MaACL
005 - FECHA Y HORA DE LA ÚLTIMA TRANSACCIÓN
campo de control 20230906222122.0
008 - DATOS DE LONGITUD FIJA--INFORMACIÓN GENERAL
campo de control de longitud fija 150522s1973 sp ao e |||| | spa d
020 ## - NÚMERO INTERNACIONAL ESTÁNDAR DEL LIBRO
Número Internacional Estándar del Libro 84-7017-381-2
080 ## - NÚMERO DE LA CLASIFICACIÓN DECIMAL UNIVERSAL
Número de la Clasificación Decimal Universal 7.032(32):069(620 C.)
100 1# - ENTRADA PRINCIPAL--NOMBRE DE PERSONA
Nombre de persona Donadoni, Sergio (
Fechas asociadas al nombre 1914-)
9 (RLIN) 156885
245 10 - MENCIÓN DEL TÍTULO
Título Museo Egipcio
Resto del título : El Cairo /
Mención de responsabilidad, etc. [presentación de Mohammad Hassan Abdul Rahman ; textos de Sergio Donadoni ; traducción del prólogo, M.A. Anglada ; traducción de los textos, Manuel Costa-Pau].
260 ## - PUBLICACIÓN, DISTRIBUCIÓN, ETC.
Lugar de publicación, distribución, etc. Barcelona :
Nombre del editor, distribuidor, etc. Argos,
Fecha de publicación, distribución, etc. [1973]
300 ## - DESCRIPCIÓN FÍSICA
Extensión 172 p. :
Otras características físicas il. col., fot. ;
Dimensiones 29 cm.
490 1# - MENCIÓN DE SERIE
Mención de serie Enciclopedia de los museos ;
Designación de volumen o secuencia 8
500 ## - NOTA GENERAL
Nota general Índices.
504 ## - NOTA DE BIBLIOGRAFÍA, ETC.
Nota de bibliografía, etc. Bibliografía: p. 168.
610 27 - PUNTO DE ACCESO ADICIONAL DE MATERIA--NOMBRE DE ENTIDAD CORPORATIVA
Nombre de entidad corporativa o nombre de jurisdicción como elemento de entrada Mathaf al-Misrî.
9 (RLIN) 156886
830 0# - PUNTO DE ACCESO ADICIONAL DE SERIE-TÍTULO UNIFORME
Título uniforme Enciclopedia de los museos ;
Designación de volumen o secuencia 8
9 (RLIN) 192084
852 ## - LOCALIZACIÓN
Ubicación ES-MaACL
Número de control de estantería E-15638
Nota libre - enc. guaflex
852 ## - LOCALIZACIÓN
Ubicación ES-MaACL
Número de control de estantería L-30413
Nota libre - enc. guaflex
-- . - Donat. Miguel A. Velasco
Holdings
Estatus retirado Estado de pérdida Estado de daño No para préstamo Biblioteca de origen Biblioteca actual Ubicación en estantería Fecha de adquisición Fuente de adquisición Total de préstamos Signatura topográfica completa Código de barras Visto por última vez Precio de reemplazo Tipo de ítem Koha
        Biblioteca del Ateneo de Madrid Biblioteca del Ateneo de Madrid Depósito 2 22/05/2015     E-15638 1193791 23/02/2023 23/02/2023 Libro impreso
        Biblioteca del Ateneo de Madrid Biblioteca del Ateneo de Madrid Depósito 2 24/06/2016     L-30413 1195496 23/02/2023 23/02/2023 Libro impreso